000 00214 a2200097 4500
001 17595
100 _aOkress E C
245 _aMicrowave power Engineering
260 _a
_bAcademic Press
_c
090 _c12987
_d12987
942 _aNUST-CAE
_cM
_c3321
999 _c252668
_d252668